Estudio Prc̀tico del ISR para Personas Fs̕icas 2015

Detalles Bibliográficos
Autor principal: Barrn̤ Morales, Alejandro
Formato: eBook
Lenguaje:español
Publicado: Mx̌ico DF: Ediciones Fiscales ISEF, 2015
Materias:
Acceso en línea:Acceso restringido

MARC

LEADER 00000nam a22000007a 4500
005 20150301181538.0
007 cr|||| |||
008 150301s2015 mx |||||s|||| 00||0 spa d
020 |a 978-607-406-711-8 
035 |a 12608 
040 |a vLex 
090 |c 5358  |d 5358 
100 1 |a Barrn̤ Morales, Alejandro 
245 1 0 |a Estudio Prc̀tico del ISR para Personas Fs̕icas 2015  |h [Recurso electrn̤ico] /  |c Alejandro Barrn̤ Morales 
256 |a Servicio en ln̕ea 
260 |a Mx̌ico DF:  |b Ediciones Fiscales ISEF,  |c 2015 
300 |a 1 recurso electrn̤ico 
500 |a  En esta obra se realiza un anl̀isis detallado de las disposiciones aplicables a los ingresos por sueldos y salarios, actividades empresariales y profesionales, arrendamiento de inmuebles, enajenacin̤ de bienes, adquisicin̤ de bienes, intereses, premios, dividendos, otros ingresos, as ̕como las relativas a la declaracin̤ anual. Se desarrollan ms̀ de cien casos prc̀ticos sobre temas de compleja interpretacin̤, para la correcta aplicacin̤ de dichas disposiciones en cada uno de los supuestos que se pueden presentar.  
506 1 |a Disponible solo en los productos indicados  |d vLex Global  |d vLex Global (Academic Edition, excluding Law Schools)  |d vLex Global (U.S. Academic Edition, Law Schools)  |d vLex Global (U.S. Academic Edition, excluding Law Schools)  |d vLex Global (Academic Edition, Law Schools) 
650 0 4 |a Derecho Civil  |z Mx̌ico 
650 0 4 |a Derecho Fiscal  |z Mx̌ico 
740 0 |a vLex Libros (Servicio en ln̕ea) 
856 4 0 |u http://vlex.com/source/estudio-practico-del-isr-para-personas-fisicas-2015-12608  |z Acceso restringido 
942 |c BOOK 
999 0 |b Civil Law 
999 0 |b Tax Law